LEADER 01978nam2-2200409---450- 001 990003545400203316 005 20110629133933.0 010 $a978-92-9207-931-4 035 $a000354540 035 $aUSA01000354540 035 $a(ALEPH)000354540USA01 035 $a000354540 100 $a20110629d2010----km-y0itay0103----ba 101 $aita 102 $aLU 105 $a||||||||001yy 200 1 $a<> nuovo strumento europeo di vicinato e partenariato è stato felicemente varato e sta producendo risultati nel Caucaso meridionale (Armenia, Azerbaigian e Georgia)?$fCorte dei conti europea 210 $aLussemburgo$cUfficio delle pubblicazioni dell'Unione europea$d2010 215 $a67 p.$cill.$d30 cm 225 2 $aRelazione speciale$v13 330 $aLa relazione esamina la concezione dei primi programmi di azione annuali e i relativi risultati, nonché l?uso degli strumenti di attuazione disponibili nell?ambito del nuovo strumento. La relazione contiene raccomandazioni dettagliate al fine di aiutare la commissione ad accrescere l?efficacia del sostegno fornito ai tre paesi suddetti. [Abstract tratto dalla pubblicazione] 410 0$1001000351941$aRelazione speciale 606 0 $aUnione europea$xRelazioni internazionali$2BNCF 606 0 $aUnione europea$xPolitica estera$2BNCF 676 $a327.4 699 $a01.09$bPolitica europea di vicinato e partenariato 710 02$aCORTE DEI CONTI EUROPEA$0541549 801 0$aIT$bsalbc$gISBD 856 4 $uhttp://eca.europa.eu$4.$zAccesso libero online 912 $a990003545400203316 951 $aCDE 01.09 (XLII)$bCDE 2738$cCDE 01.09$d00151237 959 $aBK 969 $aCDE 979 $aMARIAS$b90$c20110629$lUSA01$h1334 979 $aMARIAS$b90$c20110629$lUSA01$h1339 996 $aNuovo strumento europeo di vicinato e partenariato è stato felicemente varato e sta producendo risultati nel Caucaso meridionale (Armenia, Azerbaigian e Georgia)$91116612 997 $aUNISA